Loading...

Journey into Maths

Bibliographic Details
Format: Printed Book
Language:English
Subjects:
LEADER 00309nam a2200097Ia 4500
008 101008s9999 xx 000 0 eng d
245 |a Journey into Maths 
650 |a Mathematics Teaching 
942 |c BK 
999 |c 181788  |d 181788 
952 |0 0  |1 0  |4 0  |7 0  |9 201080  |a EDU  |b EDU  |c ST1  |d 2010-10-20  |i 3316  |l 0  |p EDU3316  |r 2018-08-29  |w 2018-08-29  |y BK